000 00790nam a2200181Ia 4500
008 100920s9999 xx 000 0 und d
082 _b4913
_a491.462 थ 56
100 _aदारव्हेकर पुरूषोत्तम.
245 _aकल्पनेचा खेळ ( एकांकिकांचा संग्रह).
260 _bठाकूर आणि कंपनी लिमिटेड, अमरावती.
_c1956
300 _a161
_bसाधी
365 _b2
520 _aनाटक.
630 _aकल्पनेचा खेळ ( एकांकिकांचा संग्रह).
650 _aनाटक.
730 _aकल्पनेचा खेळ ( एकांकिकांचा संग्रह).
942 _cBOOK
999 _c674233
_d674230